[Event "Ibiza Eivissa op 8th"]
[Site "Eivissa"]
[Date "2019.07.21"]
[Round "5"]
[White "Ruzafa Sanchez, Juan"]
[Black "Bordes Ibanez, Juan Bautista"]
[Result "0-1"]
[WhiteElo "1800"]
[BlackElo "1951"]
[PlyCount "70"]
[EventDate "2019.07.07"]
[EventType "swiss"]
[EventRounds "7"]
[EventCountry "ESP"]
[SourceTitle "EXT 2020"]
[Source "ChessBase"]
[SourceDate "2019.10.17"]
[SourceVersion "1"]
[SourceVersionDate "2019.10.17"]
[SourceQuality "1"]

1. d4 d5 2. c4 e6 3. Nc3 Nf6 4. Nf3 c6 5. Bg5 Nbd7 6. e3 Qa5 7. Bd3 dxc4 8. Bxf6 cxd3 9. Be5 Nxe5 10. Nxe5 Bd6 11. Nxd3 0-0 12. 0-0 Rd8 13. Ne4 Be7 14. Qc2 Bd7 15. a3 Rac8 16. b4 Qd5 17. f3 Be8 18. Rac1 a5 19. Nc3 Qh5 20. Qb3 axb4 21. axb4 Bd6 22. f4 h6 23. Ne4 Bb8 24. Rf3 Qd5 25. Nd2 Qxb3 26. Nxb3 f6 27. Nd2 Bg6 28. Rc3 e5 29. Nb3 e4 30. Ne1 exf3 31. Nxf3 Be4 32. Nfd2 Bd5 33. Nc1 Bd6 34. Nd3 Re8 35. Kf2 Ra8 0-1

[Event "Ibiza Eivissa op 8th"]
[Site "Eivissa"]
[Date "2019.07.14"]
[Round "3"]
[White "Ruzafa Sanchez, Juan"]
[Black "Cabrera Cabrera, Nelson"]
[Result "1-0"]
[WhiteElo "1800"]
[BlackElo "1454"]
[PlyCount "77"]
[EventDate "2019.07.07"]
[EventType "swiss"]
[EventRounds "7"]
[EventCountry "ESP"]
[SourceTitle "EXT 2020"]
[Source "ChessBase"]
[SourceDate "2019.10.17"]
[SourceVersion "1"]
[SourceVersionDate "2019.10.17"]
[SourceQuality "1"]

1. d4 Nf6 2. c4 e6 3. Nc3 Bb4 4. Nf3 b6 5. Bg5 Bb7 6. e3 h6 7. Bh4 g5 8. Bg3 Ne4 9. Rc1 h5 10. h3 Nxg3 11. fxg3 Qf6 12. Be2 Bd6 13. 0-0 Qh6 14. Ne5 Bxe5 15. dxe5 Na6 16. Rf6 Qh7 17. Qd4 Nc5 18. Rcf1 Rf8 19. b4 Ne4 20. Bd3 c5 21. bxc5 bxc5 22. Qxc5 Nxc5 23. Bxh7 Ke7 24. Nb5 Be4 25. Nd6 Bg6 26. Bxg6 fxg6 27. Rxg6 Rxf1+ 28. Kxf1 Rf8+ 29. Ke2 Rf5 30. Nxf5+ exf5 31. Rxg5 Ne4 32. Rg6 Nc3+ 33. Kd3 Nxa2 34. Rf6 Nb4+ 35. Kc3 Nc6 36. Rxf5 Ke6 37. Rxh5 Nxe5 38. Rxe5+ Kxe5 39. h4 1-0

[Event "Ibiza Eivissa op 8th"]
[Site "Eivissa"]
[Date "2019.07.13"]
[Round "2"]
[White "Hernandez Pena, Juan Ignacio"]
[Black "Ruzafa Sanchez, Juan"]
[Result "0-1"]
[WhiteElo "1456"]
[BlackElo "1800"]
[PlyCount "72"]
[EventDate "2019.07.07"]
[EventType "swiss"]
[EventRounds "7"]
[EventCountry "ESP"]
[SourceTitle "EXT 2020"]
[Source "ChessBase"]
[SourceDate "2019.10.17"]
[SourceVersion "1"]
[SourceVersionDate "2019.10.17"]
[SourceQuality "1"]

1. e4 c5 2. Nf3 Nc6 3. Be2 d6 4. c3 Nf6 5. d3 g6 6. h3 Bg7 7. Be3 0-0 8. Qc1 b5 9. Bh6 Bb7 10. Bxg7 Kxg7 11. 0-0 a5 12. a4 b4 13. b3 Rc8 14. c4 Nd7 15. Qe3 Nde5 16. Ra2 Nxf3+ 17. Bxf3 Nd4 18. Nd2 e5 19. Bd1 f5 20. Nf3 fxe4 21. Nxd4 cxd4 22. Qg3 exd3 23. Qxd3 Qg5 24. f3 Rf7 25. Raf2 Qg3 26. Be2 Rcf8 27. Kh1 Rc8 28. f4 Qxd3 29. Bxd3 e4 30. Bb1 d5 31. f5 gxf5 32. cxd5 Bxd5 33. Rxf5 Rxf5 34. Rxf5 Rc1+ 35. Kh2 Rxb1 36. Rxd5 e3 0-1

[Event "Ibiza Eivissa op 7th"]
[Site "Eivissa"]
[Date "2018.07.29"]
[Round "7"]
[White "Arata, Roberto Mario"]
[Black "Ruzafa Sanchez, Juan"]
[Result "1-0"]
[WhiteElo "2138"]
[BlackElo "1834"]
[PlyCount "69"]
[EventDate "2018.07.08"]
[EventType "swiss"]
[EventRounds "7"]
[EventCountry "ESP"]
[SourceTitle "EXT 2019"]
[Source "ChessBase"]
[SourceDate "2018.10.10"]
[SourceVersion "1"]
[SourceVersionDate "2018.10.10"]
[SourceQuality "1"]

1. d4 Nf6 2. c4 c5 3. d5 b5 4. Nc3 bxc4 5. e4 g6 6. Nf3 Bg7 7. Bxc4 0-0 8. 0-0 d6 9. h3 Nbd7 10. Be3 Rb8 11. b3 Nb6 12. Be2 Nfd7 13. Rc1 Ne5 14. Nxe5 Bxe5 15. f4 Bg7 16. Qd2 a5 17. Kh2 Bd7 18. f5 a4 19. Bh6 axb3 20. Bxg7 Kxg7 21. axb3 Ra8 22. Rf2 Ra3 23. Nb1 Rxb3 24. Rcf1 Na4 25. Qf4 Qb8 26. Nd2 Rb2 27. Nc4 Rb1 28. f6+ exf6 29. Qxf6+ Kg8 30. Nxd6 Rxf1 31. Rxf1 Be8 32. e5 Nc3 33. Bc4 Qc7 34. Nxe8 Rxe8 35. d6 1-0

[Event "Ibiza Eivissa op 7th"]
[Site "Eivissa"]
[Date "2018.07.21"]
[Round "4"]
[White "Ruzafa Sanchez, Juan"]
[Black "Gercowski Tuchszer, Luis"]
[Result "1-0"]
[WhiteElo "1834"]
[BlackElo "1753"]
[PlyCount "52"]
[EventDate "2018.07.08"]
[EventType "swiss"]
[EventRounds "7"]
[EventCountry "ESP"]
[SourceTitle "EXT 2019"]
[Source "ChessBase"]
[SourceDate "2018.10.10"]
[SourceVersion "1"]
[SourceVersionDate "2018.10.10"]
[SourceQuality "1"]

1. d4 Nf6 2. c4 g6 3. Nc3 d5 4. cxd5 Nxd5 5. e4 Nxc3 6. bxc3 Bg7 7. Nf3 c5 8. Rb1 0-0 9. Be2 cxd4 10. cxd4 Nc6 11. d5 Na5 12. 0-0 e6 13. Bg5 f6 14. Bh4 exd5 15. exd5 b6 16. Bg3 Nb7 17. d6 f5 18. Ba6 Qd7 19. Bh4 f4 20. Be7 Rf5 21. Qd2 Na5 22. Bxc8 Rxc8 23. Rbc1 Rcc5 24. Rxc5 Rxc5 25. Qxf4 Nc6 26. Re1 Rf5 1-0

[Event "Ibiza Eivissa op 6th"]
[Site "Eivissa"]
[Date "2017.07.15"]
[Round "3"]
[White "Mosquera Rodrigo, Carlos"]
[Black "Ruzafa Sanchez, Juan"]
[Result "1-0"]
[WhiteElo "1859"]
[BlackElo "1844"]
[PlyCount "42"]
[EventDate "2017.07.08"]
[EventType "swiss"]
[EventRounds "7"]
[EventCountry "ESP"]
[SourceTitle "EXT 2019"]
[Source "ChessBase"]
[SourceDate "2018.10.10"]
[SourceVersion "1"]
[SourceVersionDate "2018.10.10"]
[SourceQuality "1"]

1. e4 c5 2. Nf3 d6 3. d4 cxd4 4. Nxd4 Nf6 5. Nc3 g6 6. Be3 Nc6 7. f3 Bg7 8. Bc4 0-0 9. Qd2 Ne5 10. Bb3 a6 11. 0-0-0 b5 12. g4 Bxg4 13. fxg4 Nfxg4 14. Bg5 Nc4 15. Bxc4 bxc4 16. Nc6 Qb6 17. Nxe7+ Kh8 18. Qxd6 Qa5 19. Rd5 Bxc3 20. Rxa5 Bxa5 21. Nc6 Nf2 1-0

[Event "Ibiza-chT 38th"]
[Site "Ibiza"]
[Date "2016.03.18"]
[Round "4.2"]
[White "Soria Leites, Ivan Ezequiel"]
[Black "Ruzafa Sanchez, Juan"]
[Result "1/2-1/2"]
[WhiteElo "1297"]
[BlackElo "1865"]
[PlyCount "104"]
[EventDate "2016.03.13"]
[EventType "team-tourn"]
[EventRounds "5"]
[EventCountry "ESP"]
[SourceTitle "EXT 2024"]
[Source "ChessBase"]
[SourceDate "2023.10.10"]
[SourceVersion "1"]
[SourceVersionDate "2023.10.10"]
[SourceQuality "1"]
[WhiteTeam "Yebisah"]
[BlackTeam "Quatre Torres"]
[WhiteTeamCountry "ESP"]
[BlackTeamCountry "ESP"]

1. e4 c5 2. Nf3 d6 3. d4 cxd4 4. Nxd4 Nf6 5. Nc3 g6 6. Be2 Bg7 7. f4 Nc6 8. Nxc6 bxc6 9. Be3 0-0 10. 0-0 Bb7 11. Kh1 a5 12. Qd2 c5 13. Bf3 Qb6 14. Rfd1 Rad8 15. Rab1 Rd7 16. Nd5 Qd8 17. c4 a4 18. Qc2 Bc6 19. Rd3 e6 20. Nc3 Qb8 21. Rd2 Rfd8 22. Rbd1 h5 23. h4 Ng4 24. Bxg4 hxg4 25. g3 f5 26. Kh2 fxe4 27. Nb5 Bxb5 28. cxb5 d5 29. Qxc5 Qb7 30. Rc1 d4 31. Bg1 e3 32. Rd3 Qf3 33. Re1 Bf6 34. Qc4 Qe4 35. Re2 Rh7 36. Rexe3 Qf5 37. Qxe6+ Rf7 38. Qxf5 gxf5 39. Re6 Kg7 40. Kg2 Rd5 41. b6 Rb5 42. Bxd4 Bxd4 43. Rxd4 Rxb2+ 44. Kf1 Rb7 45. Rxa4 R2xb6 46. Rxb6 Rxb6 47. Ra5 Kf6 48. a4 Rb2 49. Rb5 Ra2 50. a5 Ke6 51. Rb6+ Kd5 52. Rb4 Rxa5 1/2-1/2

[Event "Ibiza-chT 38th"]
[Site "Ibiza"]
[Date "2016.03.14"]
[Round "2.1"]
[White "Ruzafa Sanchez, Juan"]
[Black "Schafer, Guillermo"]
[Result "1/2-1/2"]
[WhiteElo "1865"]
[BlackElo "1825"]
[PlyCount "114"]
[EventDate "2016.03.13"]
[EventType "team-tourn"]
[EventRounds "5"]
[EventCountry "ESP"]
[SourceTitle "EXT 2024"]
[Source "ChessBase"]
[SourceDate "2023.10.10"]
[SourceVersion "1"]
[SourceVersionDate "2023.10.10"]
[SourceQuality "1"]
[WhiteTeam "Quatre Torres"]
[BlackTeam "Ibiza 64"]
[WhiteTeamCountry "ESP"]
[BlackTeamCountry "ESP"]

1. d4 Nf6 2. c4 c5 3. d5 b5 4. cxb5 a6 5. bxa6 g6 6. Nc3 Bxa6 7. Nf3 Bg7 8. g3 d6 9. Bg2 Nbd7 10. 0-0 Nb6 11. Rb1 Bc4 12. Nh4 Bxa2 13. Nxa2 Rxa2 14. Qb3 Ra7 15. Qb5+ Nfd7 16. b4 cxb4 17. Rxb4 0-0 18. Be3 Rb7 19. Qc6 Qb8 20. Rfb1 Rc8 21. Bxb6 Rxc6 22. dxc6 Rxb6 23. cxd7 Bd4 24. e3 Bc5 25. Rxb6 Bxb6 26. Ra1 Bd8 27. Rc1 e6 28. Rc8 Qb1+ 29. Bf1 Qb6 30. Bb5 Kg7 31. Bc6 Kf6 32. Nf3 Ke7 33. Nd4 d5 34. Ba4 Qb1+ 35. Kg2 Qe4+ 36. Kh3 h5 37. Nc6+ Kxd7 38. Rxd8+ Kc7 39. Ra8 Qg4+ 40. Kg2 h4 41. f3 h3+ 42. Kf2 Qc4 43. Nd4 Qa2+ 44. Ne2 e5 45. f4 d4 46. exd4 exd4 47. Ra7+ Kb8 48. Rd7 d3 49. Rd8+ Kc7 50. Rxd3 Qxa4 51. g4 Qa2 52. Rxh3 Kd8 53. Re3 Qd2 54. h4 Qd5 55. Ng3 Qd2+ 56. Ne2 Qd5 57. h5 f6 1/2-1/2

[Event "Eivissa City-chT"]
[Site "Eivissa"]
[Date "2015.04.11"]
[Round "5.3"]
[White "Guasch Riera, Joan"]
[Black "Ruzafa Sanchez, Juan"]
[Result "0-1"]
[WhiteElo "1717"]
[BlackElo "1876"]
[PlyCount "70"]
[EventDate "2015.03.07"]
[EventType "team-tourn"]
[EventRounds "5"]
[EventCountry "ESP"]
[SourceTitle "EXT 2016"]
[Source "ChessBase"]
[SourceDate "2015.10.08"]
[SourceVersion "1"]
[SourceVersionDate "2015.10.08"]
[SourceQuality "1"]
[WhiteTeam "Santa Eulalia"]
[BlackTeam "Quatre Torres"]
[WhiteTeamCountry "ESP"]
[BlackTeamCountry "ESP"]

1. e4 c5 2. Nf3 d6 3. d4 cxd4 4. Nxd4 Nf6 5. Nc3 g6 6. Be3 Bg7 7. f3 Nc6 8. Nb3 0-0 9. Qd2 Ne5 10. 0-0-0 a6 11. Be2 b5 12. a3 Be6 13. Kb1 Rc8 14. Bh6 Nc4 15. Bxc4 bxc4 16. Nc1 Qb6 17. Na4 Qb5 18. Nc3 Qb7 19. Bxg7 Rb8 20. Na4 Kxg7 21. Qb4 Qc6 22. Qa5 Rb5 23. Qd2 Rfb8 24. Na2 a5 25. Qc1 Nd7 26. c3 Nc5 27. Nxc5 Rxb2+ 28. Qxb2 Rxb2+ 29. Kxb2 Qxc5 30. Rhf1 Qe5 31. h3 h5 32. Rfe1 g5 33. Re3 d5 34. exd5 Qxe3 35. dxe6 Qxe6 0-1